000 00477nam a2200181Ia 4500
003 GCL
008 140319s9999 xx 000 0 eng d
040 _aGCL /
_cGCL
082 0 4 _a610.14
_bC M
100 1 _aCOHEN, BARBARAJ
245 1 0 _aMEDICAL TERMINOLOGY AN ILLUSTARTED GUIDE /
_cCOHEN, BARBARAJ
260 _a[S.N] :
_bJ. BLIPPINCOTT COMPANY ،
_c1994
300 _a215P.
650 0 4 _aTERMINOLOGY
650 0 4 _aMEDICINE
650 0 4 _aNOMEN CLAUTRE
942 _2ddc
_cBK
999 _c11058
_d11058